00386 a2200109 4500001000900000005001700009008004100026245009500067100003100162773006800193999001500261ART_748120260410161554.0260409a 10aEl equipo de trabajo y el informe de una auditoría externa integral del sector público1 aRodríguez, Roberto Mario0 tProfesional & Empresariag- AÑO IX, Nº 98 (nov. 2007)wREV70 c9091d9091